| 000 | 00567nam a2200241Ia 4500 | ||
|---|---|---|---|
| 008 | 210210b2010 xxu||||| |||| 00| 0 eng d | ||
| 020 | _a978070700604 | ||
| 041 | _aeng | ||
| 082 | _a155.9 OGDH | ||
| 100 | _aOGDEN (Jane) | ||
| 245 | _aHealth psychology: a textbook Ed 4 | ||
| 250 | _a | ||
| 260 |
_aNew Delhi _bTata McGraw Hill Education Pvt. Ltd. _c2010 |
||
| 300 | _axxxiii,489 | ||
| 650 | _atextbook | ||
| 650 | _apsychology: | ||
| 650 | _aHealth | ||
| 650 | _aEd | ||
| 650 | _aa | ||
| 650 | _a4 | ||
| 690 | _aHealth Psychology | ||
| 906 | _a064751 | ||
| 999 |
_c141699 _d141699 |
||